000
00298nam a2200109Ia 4500
008
171211s9999 xx 000 0 und d
245
_a
Paul Robeson: The Artist as Revolutionary
245
_c
Gerald Horne
260
_c
2016
650
_x
ART
856
_u
http://down.ebook777.com/060/0745335314.pdf
999
_c
348610
_d
348610